Vitajte v novej realite
Pandémia Covid-19 zmenila situáciu v retaile a ovplyvnila spotrebiteľské správanie. Koronavírus preveril odolnosť distribučných kanálov i personálnych zdrojov. Zvýšila sa rýchlosť v oblasti nových trendov. Nové technológie ako oporný pilier pri vyrovnaní sa s novou situáciou.
Saved in:
| Main Author: | |
|---|---|
| Format: | Book Chapter |
| Language: | Slovak |
| Subjects: | |
| Tags: |
No Tags, Be the first to tag this record!
|
MARC
| LEADER | 00000naa a2200000 4500 | ||
|---|---|---|---|
| 001 | 0268379 | ||
| 005 | 20210616133327.9 | ||
| 041 | 0 | |a slo | |
| 044 | |a CZ | ||
| 245 | 1 | 0 | |a Vitajte v novej realite |c Pavel Gregor |
| 520 | |a Pandémia Covid-19 zmenila situáciu v retaile a ovplyvnila spotrebiteľské správanie. Koronavírus preveril odolnosť distribučných kanálov i personálnych zdrojov. Zvýšila sa rýchlosť v oblasti nových trendov. Nové technológie ako oporný pilier pri vyrovnaní sa s novou situáciou. | ||
| 610 | 2 | 0 | |a digitalizácia |
| 610 | 2 | 0 | |a technológie nové |
| 610 | 2 | 0 | |a ochrana zdravia |
| 610 | 2 | 0 | |a retailing |
| 610 | 2 | 0 | |a kríza |
| 610 | 2 | 0 | |a správanie spotrebiteľa |
| 100 | 1 | |a Gregor, Pavel | |